000 00621nam a2200253Ia 4500
003 OSt
005 20221005051744.0
006 a|||||r|||| 00| 0
007 ta
008 221004b |||||||| |||| 00| 0 eng d
024 _a30946
037 _cTextual
040 _aCRL
_cCRL
_beng
041 _2eng
_aeng
082 _a2;51, L9
100 _aTeague S J
_9596358
245 0 _aMicroform librarianship
250 _a2nd
260 _aLondon
_bButterworths
_c1979
300 _a125p
_ccm.
650 _aLIBRARY SCIENCE
942 _h2;51, L9
_cTEXL
_2cc
999 _c959293
_d959293